<?xml version="1.0" encoding="UTF-8"?>
<collection xmlns="http://www.loc.gov/MARC21/slim">
  <record>
    <leader>00000nam  2200000   4500</leader>
    <controlfield tag="001">INLIS000000000001682</controlfield>
    <controlfield tag="005">20180724142826</controlfield>
    <controlfield tag="008">180724|||||||||   |   |||   |||| ||   | </controlfield>
    <datafield tag="035" ind1=" " ind2=" ">
      <subfield code="0">010-0718001682</subfield>
    </datafield>
    <datafield tag="041" ind1=" " ind2=" ">
      <subfield code="a">id</subfield>
    </datafield>
    <datafield tag="082" ind1=" " ind2=" ">
      <subfield code="a">R. 07</subfield>
    </datafield>
    <datafield tag="090" ind1=" " ind2=" ">
      <subfield code="a">R. 033 PIM I 2016</subfield>
    </datafield>
    <datafield tag="100" ind1=" " ind2=" ">
      <subfield code="a">Aksara Haris</subfield>
    </datafield>
    <datafield tag="245" ind1=" " ind2=" ">
      <subfield code="a">Membangun Kinerja Personil Pusat Laboratorium Forensik Bareskrim POLRI dan Jajaran Melalui E-SKKP (Elektronik - Standar Kertas Kerja Perorangan) Untuk Memberikan Pelayanan Prima</subfield>
    </datafield>
    <datafield tag="260" ind1=" " ind2=" ">
      <subfield code="a">Jakarta</subfield>
      <subfield code="b">LAN Jakrta</subfield>
      <subfield code="c">2016</subfield>
    </datafield>
    <datafield tag="300" ind1=" " ind2=" ">
      <subfield code="a">x, 24 hlm.,Ilus, 30 cm</subfield>
    </datafield>
    <datafield tag="500" ind1=" " ind2=" ">
      <subfield code="a">Dalam proyek perubahan ini sistem kerja berbasis online masing-masing personil sudah dapat diakses sehingga waktu yang dibutuhkan dalam pemeriksaan barang bukti dapat terliht baik secara internal (satuan kerja) maupun eksternal (dari penyidik kewilayahan) dengan menggunakan barcode. Program ini direkomendasikan untuk dapat dikembangkan secara menyeluruh terutama Laboratorium Forensik Cabang yang lain (Surabaya, Makasar, Palembang, Semaran dan Bali).</subfield>
    </datafield>
    <datafield tag="650" ind1=" " ind2=" ">
      <subfield code="a">Pelayanan Prima</subfield>
    </datafield>
  </record>
</collection>
